| 000 | 00812nam a22001937a 4500 | ||
|---|---|---|---|
| 008 | 120423s1986 ua|||||r|||| 000 0 ara d | ||
| 020 | _a9771470067 | ||
| 082 |
_a320.5 _bش ر ي |
||
| 100 |
_929726 _aشريعتي ، علي |
||
| 245 |
_aالعودة إلى الذات / _cعلي شريعتي ؛ ترجمة ابراهيم الدسوقي شتا |
||
| 260 |
_aالقاهرة : _bالزهراء ، _c1986 |
||
| 300 |
_a367 ص ؛ _c22 سم |
||
| 650 |
_917079 _aالمذاهب السياسية |
||
| 650 |
_916253 _aالماركسية |
||
| 650 |
_913590 _aالشيوعية |
||
| 700 |
_917155 _aشتا ، إبراهيم الدسوقى _eمترجم |
||
| 942 |
_2ddc _cBB |
||
| 999 |
_c16689 _d16689 |
||